000 00328nam a22001337a 4500
008 171025b xxu||||| |||| 00| 0 eng d
020 _a9780471397700
041 _aeng
080 _a336.2
100 _a55
101 _aTAK
245 _aTAXES MADE EASY FOR YOUR HOME BASED BUSSINESS
_cCARTER.G..G.W
942 _2udc
_cBK
999 _c35900
_d35900